[Event "Loire-ch Top20 1011"]
[Site "Loire"]
[Date "2011.03.12"]
[Round "6"]
[White "Minchili, Franco"]
[Black "Morice, Ludovic"]
[Result "0-1"]
[WhiteElo "1710"]
[BlackElo "2086"]
[PlyCount "66"]
[EventDate "2010.10.09"]
[EventType "swiss"]
[EventRounds "7"]
[EventCountry "FRA"]
[SourceTitle "EXT 2012"]
[Source "ChessBase"]
[SourceDate "2011.11.24"]
[SourceVersion "1"]
[SourceVersionDate "2011.11.24"]
[SourceQuality "1"]

1. e4 e5 2. Nf3 Nc6 3. Bb5 a6 4. Ba4 Nf6 5. d3 d6 6. c3 b5 7. Bb3 Be7 8. Bg5 Na5 9. Nbd2 0-0 10. d4 Nxb3 11. Qxb3 exd4 12. cxd4 c5 13. 0-0 Bb7 14. d5 Nxd5 15. Bxe7 Nxe7 16. Rad1 Qc7 17. Rfe1 h6 18. Nf1 Rad8 19. Ng3 d5 20. exd5 Nxd5 21. Re5 c4 22. Qa3 b4 23. Qa4 Nb6 24. Qc2 Rxd1+ 25. Qxd1 Bxf3 26. Qe1 Bg4 27. h3 Be6 28. f4 c3 29. bxc3 bxc3 30. Ne2 c2 31. Nc1 Rd8 32. Qf2 Rd1+ 33. Re1 Qc3 0-1

[Event "Loire-ch Top20 1011"]
[Site "Loire"]
[Date "2011.02.12"]
[Round "5"]
[White "Massard, Christian"]
[Black "Minchili, Franco"]
[Result "1-0"]
[WhiteElo "1807"]
[BlackElo "1710"]
[PlyCount "97"]
[EventDate "2010.10.09"]
[EventType "swiss"]
[EventRounds "7"]
[EventCountry "FRA"]
[SourceTitle "EXT 2012"]
[Source "ChessBase"]
[SourceDate "2011.11.24"]
[SourceVersion "1"]
[SourceVersionDate "2011.11.24"]
[SourceQuality "1"]

1. Nf3 Nf6 2. c4 g6 3. d4 d5 4. Nc3 Bg7 5. Bg5 dxc4 6. Qa4+ c6 7. Qxc4 0-0 8. e3 Be6 9. Qb4 Qc7 10. Bf4 Qb6 11. Qxb6 axb6 12. Be2 c5 13. 0-0 Nh5 14. Be5 Nf6 15. Ng5 Bd7 16. Bf3 Nc6 17. Bxf6 Bxf6 18. Nge4 cxd4 19. Nxf6+ exf6 20. Nd5 Kg7 21. Nxb6 Rad8 22. Nxd7 Rxd7 23. Bxc6 bxc6 24. exd4 Rxd4 25. a4 Rb4 26. Rfb1 Ra8 27. a5 Ra6 28. Ra2 c5 29. Rba1 f5 30. Kf1 Kf6 31. Ke2 Re6+ 32. Kd3 Ree4 33. Rc1 Rbd4+ 34. Kc2 Re7 35. a6 Ra7 36. Rd1 Ke5 37. Rxd4 Kxd4 38. Ra4+ Kd5 39. Kc3 Kc6 40. Kc4 h6 41. f4 Kb6 42. Ra3 Kc6 43. g3 f6 44. Re3 Kd6 45. Kb5 c4 46. Rc3 Ra8 47. Rxc4 Rb8+ 48. Ka5 Rxb2 49. a7 1-0

[Event "Loire-ch Top20 1011"]
[Site "Loire"]
[Date "2010.11.06"]
[Round "2"]
[White "Minchili, Franco"]
[Black "Bruel, Bruno"]
[Result "0-1"]
[WhiteElo "1710"]
[BlackElo "1750"]
[PlyCount "86"]
[EventDate "2010.10.09"]
[EventType "swiss"]
[EventRounds "7"]
[EventCountry "FRA"]
[SourceTitle "EXT 2012"]
[Source "ChessBase"]
[SourceDate "2011.11.24"]
[SourceVersion "1"]
[SourceVersionDate "2011.11.24"]
[SourceQuality "1"]

1. e4 c5 2. Nf3 d6 3. Nc3 Nf6 4. d4 cxd4 5. Nxd4 a6 6. Bd3 e6 7. 0-0 Be7 8. Nce2 0-0 9. Ng3 Nc6 10. c3 Bd7 11. Be3 Ne5 12. Be2 Qc7 13. Rc1 d5 14. f4 Nc4 15. Bxc4 Qxc4 16. b3 Qc7 17. e5 Ne4 18. Nxe4 dxe4 19. f5 exf5 20. Nxf5 Bxf5 21. Rxf5 g6 22. Qg4 Kh8 23. Rf4 h5 24. Qe2 Qxe5 25. Bd4 Bc5 26. Rxe4 Bxd4+ 27. cxd4 Qd6 28. Qb2 Kh7 29. Rce1 Rad8 30. Qf2 Rd7 31. h3 Rfd8 32. Kh1 Kg7 33. Qb2 Qf6 34. Rd1 Rd5 35. Qd2 R8d7 36. Qe3 Rf5 37. Qe2 Rf2 38. Qc4 Rxa2 39. Rf1 Rf2 40. Rxf2 Qxf2 41. d5 Qf6 42. Rf4 Qe5 43. Rd4 Rc7 0-1

[Event "Loire-ch Top20 0910"]
[Site "Loire"]
[Date "2010.01.16"]
[Round "4"]
[White "Minchili, Franco"]
[Black "Bruel, Bruno"]
[Result "1/2-1/2"]
[WhiteElo "1740"]
[BlackElo "1760"]
[PlyCount "92"]
[EventDate "2009.12.??"]
[EventType "tourn"]
[EventRounds "7"]
[EventCountry "FRA"]
[SourceTitle "EXT 2011"]
[Source "ChessBase"]
[SourceDate "2010.11.26"]
[SourceVersion "1"]
[SourceVersionDate "2010.11.26"]
[SourceQuality "1"]

1. e4 d5 2. e5 Bf5 3. Nf3 e6 4. d4 Ne7 5. Nbd2 h6 6. Nb3 Nd7 7. c4 dxc4 8. Bxc4 Nb6 9. Bd3 Bxd3 10. Qxd3 Ng6 11. Be3 Be7 12. Rc1 0-0 13. 0-0 Nd5 14. Bd2 Bb4 15. a3 Bxd2 16. Qxd2 c6 17. Nc5 Qe7 18. Ne4 Rab8 19. g3 Qd8 20. Qc2 Nge7 21. Nh4 Rc8 22. Qb3 Qb6 23. Qxb6 Nxb6 24. f4 Nbd5 25. Rf3 Rcd8 26. Nc5 Kh7 27. f5 g5 28. f6 Ng6 29. Nxg6 Kxg6 30. Rd1 g4 31. Rb3 b6 32. Nb7 Rd7 33. Nd6 Nxf6 34. Rc3 c5 35. dxc5 Ne4 36. Rc4 Nxc5 37. Rxg4+ Kh7 38. Rf1 f6 39. Ne4 Nxe4 40. Rxe4 f5 41. Rc4 Re8 42. Rfc1 Ree7 43. b4 Kg6 44. Rc8 Kg7 45. R1c6 Kf7 46. Kg2 Rd5 1/2-1/2

[Event "Loire-ch Top20 0809"]
[Site "Loire"]
[Date "2008.12.20"]
[Round "3"]
[White "Minchili, Franco"]
[Black "Carrot, Patrick"]
[Result "0-1"]
[WhiteElo "1770"]
[BlackElo "1841"]
[PlyCount "114"]
[EventDate "2008.10.11"]
[EventType "swiss"]
[EventRounds "7"]
[EventCountry "FRA"]
[SourceTitle "EXT 2010"]
[Source "ChessBase"]
[SourceDate "2010.11.25"]
[SourceVersion "1"]
[SourceVersionDate "2010.11.25"]
[SourceQuality "1"]

1. e4 e5 2. Nf3 Nc6 3. Nc3 a6 4. d4 exd4 5. Nxd4 Nge7 6. Bg5 f6 7. Be3 Nxd4 8. Bxd4 Nc6 9. Be3 Bb4 10. Bd2 0-0 11. Bc4+ Kh8 12. a3 Ba5 13. b4 Bb6 14. Nd5 Bd4 15. c3 Ba7 16. 0-0 Ne5 17. Be2 c6 18. Nf4 d6 19. Qb3 Qe7 20. Kh1 Bd7 21. Nh5 Ng4 22. f3 Nf2+ 23. Rxf2 Be6 24. Qd1 Bxf2 25. Bf4 Rad8 26. Qf1 Bb6 27. Bg3 Bc7 28. Re1 Rfe8 29. Bf2 Bf7 30. Ng3 Qe6 31. c4 Qe5 32. Be3 d5 33. cxd5 cxd5 34. Bd3 dxe4 35. Bxe4 Bb8 36. Qf2 Rd7 37. f4 Qc3 38. Bf5 Rde7 39. Nf1 Qxa3 40. b5 axb5 41. Bc5 Rxe1 42. Bxa3 Bc4 43. Bb4 Rxf1+ 44. Qxf1 Bxf1 45. g3 Ba7 46. Bg4 Bd4 47. h4 b6 48. Kh2 Bc5 49. Bd2 b4 50. h5 b3 51. Bc3 Ba3 52. h6 b2 53. Bf5 Rd8 54. g4 Bd3 55. g5 Bxf5 56. gxf6 b1Q 57. f7 Qc2+ 0-1

[Event "Loire-ch op 0506"]
[Site "Loire"]
[Date "2006.02.11"]
[Round "4"]
[White "Chabas, Jean Luc"]
[Black "Minchili, Franco"]
[Result "1/2-1/2"]
[WhiteElo "1590"]
[BlackElo "1690"]
[PlyCount "62"]
[EventDate "2005.11.27"]
[EventType "swiss"]
[EventRounds "6"]
[EventCountry "FRA"]
[SourceTitle "EXT 2008"]
[Source "ChessBase"]
[SourceDate "2007.11.25"]
[SourceVersion "1"]
[SourceVersionDate "2007.11.25"]
[SourceQuality "1"]

1. e4 e5 2. Nf3 Nf6 3. Nxe5 d6 4. Nf3 Nxe4 5. d3 Nf6 6. Be2 Be7 7. 0-0 0-0 8. Be3 Nbd7 9. d4 Nb6 10. c4 Bg4 11. Qc2 Bh5 12. Nbd2 Re8 13. a3 Bf8 14. d5 Ng4 15. Qc3 Nxe3 16. fxe3 g6 17. Rae1 Nd7 18. Bd3 Bh6 19. e4 Bg7 20. Qc2 Ne5 21. Nxe5 Bxe5 22. Nf3 Bxf3 23. Rxf3 Bxh2+ 24. Kf1 Be5 25. Qf2 Qg5 26. Ke2 f5 27. Kd1 Rf8 28. exf5 Qg4 29. Kc2 Rf6 30. Re4 Qg5 31. fxg6 hxg6 1/2-1/2

[Event "Loire-ch op 0506"]
[Site "Loire"]
[Date "2005.11.27"]
[Round "2"]
[White "Trenteseaux, Alain"]
[Black "Minchili, Franco"]
[Result "1-0"]
[WhiteElo "1550"]
[BlackElo "1690"]
[PlyCount "115"]
[EventDate "2005.11.27"]
[EventType "swiss"]
[EventRounds "6"]
[EventCountry "FRA"]
[SourceTitle "EXT 2008"]
[Source "ChessBase"]
[SourceDate "2007.11.25"]
[SourceVersion "1"]
[SourceVersionDate "2007.11.25"]
[SourceQuality "1"]

1. e4 e5 2. Nf3 Nf6 3. Nc3 Nc6 4. d3 Be7 5. Be2 d6 6. 0-0 Bg4 7. Bg5 Bxf3 8. Bxf6 Bxe2 9. Bxe7 Bxd1 10. Bxd8 Rxd8 11. Nxd1 Nd4 12. Ne3 b5 13. c3 Ne6 14. b4 0-0 15. a4 a6 16. axb5 axb5 17. Nd5 c5 18. bxc5 dxc5 19. Rfb1 Ra8 20. h3 Rxa1 21. Rxa1 g6 22. Ra5 Rb8 23. Nf6+ Kg7 24. Nd7 Rb7 25. Nxe5 b4 26. cxb4 cxb4 27. Ra1 b3 28. Rb1 Nd4 29. Kf1 Rc7 30. Nc4 Ra7 31. h4 Nc2 32. Nd2 Ra1 33. Rxa1 Nxa1 34. Nc4 Kf6 35. Ke1 Nc2+ 36. Kd2 Ke6 37. Kc3 Ne1 38. g3 f5 39. exf5+ Kxf5 40. d4 Ke4 41. Nd2+ Kd5 42. Nxb3 Nf3 43. Kd3 h6 44. Ke3 Ng1 45. f3 g5 46. hxg5 hxg5 47. f4 gxf4+ 48. gxf4 Nh3 49. Kf3 Ng1+ 50. Kg4 Ne2 51. f5 Nc3 52. Kg5 Ne4+ 53. Kg6 Nd6 54. f6 Kc4 55. Na5+ Kd5 56. Nb7 Nc8 57. f7 Ne7+ 58. Kf6 1-0

[Event "Loire-ch Top20 0405"]
[Site "Loire"]
[Date "2005.01.22"]
[Round "5"]
[White "Doran, Niall"]
[Black "Minchili, Franco"]
[Result "1/2-1/2"]
[WhiteElo "1740"]
[BlackElo "1690"]
[PlyCount "105"]
[EventDate "2004.09.25"]
[EventType "swiss"]
[EventRounds "9"]
[EventCountry "FRA"]
[SourceTitle "EXT 2008"]
[Source "ChessBase"]
[SourceDate "2007.11.25"]
[SourceVersion "1"]
[SourceVersionDate "2007.11.25"]
[SourceQuality "1"]

1. e4 e5 2. Nf3 Nf6 3. d4 exd4 4. e5 Ng4 5. Bc4 d5 6. exd6 Bxd6 7. Qe2+ Qe7 8. Qxe7+ Bxe7 9. Bf4 c5 10. Nbd2 0-0 11. 0-0 Nc6 12. Rfe1 Be6 13. Bxe6 fxe6 14. Bg3 e5 15. Nc4 Bf6 16. h3 Nh6 17. Ncxe5 Rfe8 18. Nxc6 bxc6 19. Bd6 c4 20. Bc5 d3 21. cxd3 cxd3 22. Bd4 Bxd4 23. Nxd4 c5 24. Nf3 c4 25. Rac1 Rxe1+ 26. Rxe1 Rb8 27. Ne5 Rxb2 28. Nxc4 Rxa2 29. Rd1 Rc2 30. Ne5 d2 31. Kf1 Nf5 32. Ke2 Kf8 33. Rxd2 Rxd2+ 34. Kxd2 Ke8 35. Kc3 Nd6 36. f3 Nf7 37. Nc6 a6 38. Kb4 Nd6 39. Nb8 a5+ 40. Kxa5 Kf7 41. Kb4 Ke6 42. Kc5 h5 43. Nc6 Nf5 44. Nd4+ Ke5 45. Ne2 h4 46. Kc6 g5 47. Kd7 Ne3 48. g3 hxg3 49. Nxg3 Kf4 50. Ne4 Ng2 51. Ke6 Kxf3 52. Nxg5+ Kg3 53. Kf5 1/2-1/2

[Event "Loire-ch Top20 0405"]
[Site "Loire"]
[Date "2004.09.25"]
[Round "1"]
[White "Minchili, Franco"]
[Black "Bednar, Emile"]
[Result "0-1"]
[WhiteElo "1690"]
[BlackElo "1930"]
[PlyCount "135"]
[EventDate "2004.09.25"]
[EventType "swiss"]
[EventRounds "9"]
[EventCountry "FRA"]
[SourceTitle "EXT 2008"]
[Source "ChessBase"]
[SourceDate "2007.11.25"]
[SourceVersion "1"]
[SourceVersionDate "2007.11.25"]
[SourceQuality "1"]

1. d4 Nf6 2. c4 c5 3. Nf3 g6 4. Nc3 Bg7 5. Bg5 0-0 6. e4 cxd4 7. Nxd4 Qa5 8. Bd2 Qb6 9. Be3 a6 10. Rb1 Qc7 11. Be2 Nc6 12. 0-0 e6 13. Qd2 Re8 14. f4 e5 15. Nxc6 Qxc6 16. fxe5 Nxe4 17. Nxe4 Qxe4 18. Bf3 Qxe5 19. Bf4 Qd4+ 20. Qxd4 Bxd4+ 21. Kh1 Be5 22. Bd5 Bxf4 23. Rxf4 Re5 24. Bxf7+ Kg7 25. Rbf1 d6 26. Bd5 Rf5 27. g4 Rxf4 28. Rxf4 g5 29. Rf7+ Kg6 30. Rf8 Kg7 31. Re8 Kf6 32. Be6 Bxe6 33. Rxa8 Bxc4 34. b3 Be2 35. h3 d5 36. Kg2 Bb5 37. Kf2 Ke5 38. Ke3 d4+ 39. Kd2 Bf1 40. Rh8 Bxh3 41. Rxh7 Bg2 42. Rf7 Be4 43. a4 Ke6 44. Rf8 Ke5 45. b4 Ke6 46. Rf1 Ke5 47. a5 Ke6 48. Ke2 Bc2 49. Re1 Kd5 50. Kd2 Be4 51. Rc1 Ke5 52. Rc5+ Kf4 53. Rc4 Kxg4 54. Rxd4 Kf5 55. Ke3 Bc6 56. Rd2 g4 57. Rc2 g3 58. Rc4 Ke5 59. Rc5+ Kd6 60. Kd4 Ke6 61. Rc1 Kf5 62. Ke3 Kg4 63. Rg1 Kh3 64. Kf4 g2 65. Ke3 Kg3 66. Re1 Bb5 67. Rc1 Bf1 68. Rc3 0-1

[Event "Loire-ch Top20 0304"]
[Site "Loire"]
[Date "2004.04.24"]
[Round "8"]
[White "Mujic, Saban"]
[Black "Minchili, Franco"]
[Result "1-0"]
[WhiteElo "1940"]
[BlackElo "1590"]
[PlyCount "133"]
[EventDate "2003.09.27"]
[EventType "swiss"]
[EventRounds "9"]
[EventCountry "FRA"]
[SourceTitle "EXT 2008"]
[Source "ChessBase"]
[SourceDate "2007.11.25"]
[SourceVersion "1"]
[SourceVersionDate "2007.11.25"]
[SourceQuality "1"]

1. Nf3 Nf6 2. d4 e6 3. c4 c5 4. Nc3 b6 5. Bf4 d6 6. e3 Be7 7. Be2 Nh5 8. Bg3 Bb7 9. 0-0 Nxg3 10. fxg3 0-0 11. d5 e5 12. e4 Nd7 13. a4 a6 14. Rb1 Bc8 15. Qd3 Nf6 16. Nd1 Bd7 17. b3 Qc8 18. Ne3 Ne8 19. Rf2 g6 20. g4 Ng7 21. Rbf1 Qd8 22. Kh1 Rb8 23. h3 h5 24. g3 f6 25. Kg2 Qe8 26. Rh1 Rf7 27. Nh4 Rf8 28. gxh5 Nxh5 29. Bxh5 gxh5 30. Nef5 Kh7 31. Qe3 Bxf5 32. Nxf5 Qf7 33. Qh6+ Kg8 34. Rhf1 Bd8 35. Nxd6 Qh7 36. Qe3 Qg6 37. Nf5 Kh7 38. Nh4 Qh6 39. Qf3 b5 40. Qf5+ Kg8 41. Qe6+ Rf7 42. Nf5 Qf8 43. Nd6 Rb6 44. Qxf7+ Qxf7 45. Nxf7 Kxf7 46. axb5 axb5 47. Ra2 bxc4 48. bxc4 Rb4 49. Rc2 Kg6 50. d6 Rb7 51. Rd1 Rd7 52. Rb2 f5 53. exf5+ Kxf5 54. Rb5 Bg5 55. Rxc5 Ke6 56. Rcd5 Be3 57. Re1 Bh6 58. Rexe5+ Kf6 59. Rxh5 Kg6 60. Rhe5 Kf6 61. Re2 Bf8 62. c5 Kf7 63. Rf5+ Kg7 64. Re4 Bxd6 65. Rg4+ Kh8 66. Rh5+ Rh7 67. Rxh7+ 1-0

[Event "Loire-ch Top20 0304"]
[Site "Loire"]
[Date "2004.03.06"]
[Round "6"]
[White "Carrot, Patrick"]
[Black "Minchili, Franco"]
[Result "0-1"]
[WhiteElo "1740"]
[BlackElo "1590"]
[PlyCount "86"]
[EventDate "2003.09.27"]
[EventType "swiss"]
[EventRounds "9"]
[EventCountry "FRA"]
[SourceTitle "EXT 2008"]
[Source "ChessBase"]
[SourceDate "2007.11.25"]
[SourceVersion "1"]
[SourceVersionDate "2007.11.25"]
[SourceQuality "1"]

1. d4 Nf6 2. c4 g6 3. Nc3 Bg7 4. e4 0-0 5. e5 Ne8 6. f4 d6 7. Nf3 Nd7 8. Be2 c6 9. Be3 Nb6 10. 0-0 Bg4 11. Qb3 Qd7 12. Rad1 Qc7 13. h3 Bd7 14. Rd2 Bh6 15. Rfd1 Ng7 16. c5 Nd5 17. Nxd5 cxd5 18. Qxd5 Be6 19. cxd6 exd6 20. Qb5 Nf5 21. Qd3 Ng3 22. Rc2 Qd7 23. Qb5 Nxe2+ 24. Qxe2 Bxa2 25. d5 Bb3 26. Nd4 Bxc2 27. Qxc2 dxe5 28. Ne2 Rac8 29. Qd2 Rfe8 30. fxe5 Bxe3+ 31. Qxe3 Qf5 32. Nc3 Qxe5 33. Qxa7 Rc7 34. Qa5 Qg3 35. Qb5 Re1+ 36. Rxe1 Qxe1+ 37. Kh2 Qe5+ 38. Kh1 Re7 39. Qc5 Qg5 40. Qb4 Re1+ 41. Kh2 Qe5+ 42. g3 Qe3 43. Kg2 Rg1+ 0-1

[Event "FRA-chT3 Gr12 0304"]
[Site "Loire"]
[Date "2004.01.18"]
[Round "5.9"]
[White "Minchili, Franco"]
[Black "Poncet, Martine"]
[Result "1-0"]
[WhiteElo "1580"]
[BlackElo "1440"]
[PlyCount "129"]
[EventDate "2003.10.12"]
[EventType "team-tourn"]
[EventRounds "9"]
[EventCountry "FRA"]
[SourceTitle "EXT 2008"]
[Source "ChessBase"]
[SourceDate "2007.11.25"]
[SourceVersion "1"]
[SourceVersionDate "2007.11.25"]
[SourceQuality "1"]

1. Nf3 d5 2. d4 Nc6 3. Nc3 Nf6 4. e3 Bf5 5. a3 a6 6. Bd2 e6 7. Nh4 Ne7 8. Nxf5 Nxf5 9. Bd3 Nd6 10. Qf3 c6 11. 0-0 Be7 12. Rfe1 0-0 13. e4 dxe4 14. Nxe4 Ndxe4 15. Bxe4 Nxe4 16. Rxe4 Bf6 17. c3 Rc8 18. Rd1 Qd5 19. Rf4 Qxf3 20. Rxf3 Rcd8 21. Be3 e5 22. Rg3 Rfe8 23. Rg4 Re6 24. h4 Kf8 25. Bg5 Bxg5 26. hxg5 exd4 27. cxd4 Rd5 28. b4 Re2 29. Rg3 Rf5 30. f3 Re6 31. Rg4 Rd5 32. Kf2 b6 33. Rh1 h6 34. gxh6 Rxh6 35. Rxh6 gxh6 36. Ke3 Rd6 37. f4 f5 38. Rh4 Kg7 39. g4 fxg4 40. f5 g3 41. Kf3 Rd5 42. Ke4 g2 43. Rg4+ Kf6 44. Rg6+ Kf7 45. Rxg2 Rd6 46. Ke5 Rd8 47. Rg6 Re8+ 48. Kf4 Rc8 49. Rxh6 c5 50. bxc5 bxc5 51. d5 c4 52. Rc6 Rd8 53. Ke5 Re8+ 54. Kd4 c3 55. Rxc3 Kf6 56. Rc6+ Kxf5 57. Rxa6 Re4+ 58. Kc5 Re3 59. d6 Rh3 60. Kc6 Rc3+ 61. Kd7 Rh3 62. Kc8 Rh8+ 63. Kc7 Rh7+ 64. d7 Ke5 65. Kc8 1-0

[Event "Loire-ch Top20 0304"]
[Site "Loire"]
[Date "2003.12.13"]
[Round "4"]
[White "Minchili, Franco"]
[Black "Adamus, Jeremy"]
[Result "1-0"]
[WhiteElo "1580"]
[BlackElo "1910"]
[PlyCount "123"]
[EventDate "2003.09.27"]
[EventType "swiss"]
[EventRounds "9"]
[EventCountry "FRA"]
[SourceTitle "EXT 2008"]
[Source "ChessBase"]
[SourceDate "2007.11.25"]
[SourceVersion "1"]
[SourceVersionDate "2007.11.25"]
[SourceQuality "1"]

1. e4 e5 2. Nf3 Nc6 3. Bc4 Bc5 4. c3 Nf6 5. d4 exd4 6. cxd4 Bb4+ 7. Bd2 Bxd2+ 8. Nbxd2 d5 9. exd5 Nxd5 10. 0-0 0-0 11. Re1 Nb6 12. Rc1 Nxd4 13. Nb3 Nxf3+ 14. Qxf3 Nxc4 15. Rxc4 Be6 16. Rd4 Qc8 17. Nc5 b6 18. Nxe6 fxe6 19. Qc6 Rd8 20. Rxd8+ Qxd8 21. Qxe6+ Kf8 22. g3 Qe8 23. Qf5+ Qf7 24. Qxh7 Qxa2 25. Qe4 Rb8 26. Qe7+ Kg8 27. Qxc7 Rf8 28. Qc3 Qf7 29. Qe3 Qf3 30. h4 Qf6 31. Re2 Qc6 32. f4 Rc8 33. Kh2 a5 34. b3 b5 35. Ra2 a4 36. bxa4 bxa4 37. Rxa4 Re8 38. Qb3+ Kh8 39. Qc4 Qf3 40. Ra2 Kh7 41. Qc2+ Kh8 42. Qg2 Qg4 43. Ra8 Rxa8 44. Qxa8+ Kh7 45. Qe4+ Kg8 46. Qe5 Kf7 47. h5 Kg8 48. Qe8+ Kh7 49. Qg6+ Qxg6 50. hxg6+ Kxg6 51. g4 Kf6 52. Kg3 g6 53. Kf3 Ke6 54. Ke4 Kf6 55. Kd5 Ke7 56. Ke5 Kf7 57. f5 gxf5 58. Kxf5 Kg7 59. Kg5 Kf8 60. Kf6 Ke8 61. g5 Kf8 62. g6 1-0

[Event "Loire-ch Top20 0304"]
[Site "Loire"]
[Date "2003.10.18"]
[Round "2"]
[White "Minchili, Franco"]
[Black "Petit, Didier"]
[Result "0-1"]
[WhiteElo "1580"]
[BlackElo "2000"]
[PlyCount "198"]
[EventDate "2003.09.27"]
[EventType "swiss"]
[EventRounds "9"]
[EventCountry "FRA"]
[SourceTitle "EXT 2008"]
[Source "ChessBase"]
[SourceDate "2007.11.25"]
[SourceVersion "1"]
[SourceVersionDate "2007.11.25"]
[SourceQuality "1"]

1. d4 Nf6 2. Nf3 e6 3. c4 b6 4. Nc3 Bb7 5. e3 d6 6. Bd3 Be7 7. e4 Nc6 8. a3 e5 9. d5 Nb8 10. Bg5 Nbd7 11. 0-0 0-0 12. Nh4 g6 13. f4 Nh5 14. Bxe7 Qxe7 15. Nf5 Qd8 16. fxe5 Nxe5 17. Be2 Ng7 18. Nh6+ Kh8 19. Qd4 Qg5 20. Nxf7+ Rxf7 21. Rxf7 Nxf7 22. Nb5 Qe7 23. Rf1 Ne5 24. Qe3 a6 25. Nc3 Rf8 26. Rxf8+ Qxf8 27. Qg5 Bc8 28. Nd1 Kg8 29. Ne3 Nf7 30. Qh4 Qd8 31. Qg3 Qf6 32. Bg4 Bxg4 33. Qxg4 Qd8 34. Nc2 Ne5 35. Qe2 a5 36. Nd4 h6 37. h3 Qf6 38. b3 Kh7 39. Nb5 c5 40. dxc6 Nxc6 41. Qd1 Ne8 42. Qd5 Qa1+ 43. Kf2 Qb2+ 44. Kg1 Qa1+ 45. Kf2 Qf6+ 46. Kg1 Nd8 47. Qa8 Qe7 48. Qc8 Nf7 49. Qc6 Qd8 50. Qd5 Kg7 51. Nd4 Qh4 52. Ne6+ Kg8 53. Qa8 Qe7 54. Nf4 Kg7 55. Qd5 Nf6 56. Qd4 Qxe4 57. Qf2 g5 58. Ne2 Qb1+ 59. Kh2 Qc2 60. Qe3 Ne5 61. Kh1 Qd3 62. Qxd3 Nxd3 63. Nd4 Kg6 64. Kg1 d5 65. cxd5 Nxd5 66. Kf1 Kf6 67. Ke2 N5f4+ 68. Kf3 h5 69. Ke4 Nc5+ 70. Kf3 Ke5 71. Nc6+ Kd6 72. Nd4 Nfe6 73. Nf5+ Ke5 74. Ne3 Nd4+ 75. Kf2 b5 76. a4 Ncxb3 77. axb5 Nxb5 78. g4 h4 79. Nc4+ Ke4 80. Nb2 Nc3 81. Nc4 a4 82. Na3 Nd1+ 83. Ke1 Kf3 84. Kxd1 Kg3 85. Nc2 Kxh3 86. Ne3 Kg3 87. Ke1 a3 88. Kf1 a2 89. Nc2 Kxg4 90. Kg1 Kg3 91. Kh1 g4 92. Kg1 Kf3 93. Kf1 h3 94. Kg1 g3 95. Kh1 a1Q+ 96. Nxa1 Nxa1 97. Kg1 Nb3 98. Kh1 g2+ 99. Kg1 Nd2 0-1

[Event "Loire-ch Top20 0304"]
[Site "Loire"]
[Date "2003.10.04"]
[Round "1"]
[White "Minchili, Franco"]
[Black "Bednar, Emile"]
[Result "1-0"]
[WhiteElo "1580"]
[BlackElo "1840"]
[PlyCount "137"]
[EventDate "2003.09.27"]
[EventType "swiss"]
[EventRounds "9"]
[EventCountry "FRA"]
[SourceTitle "EXT 2008"]
[Source "ChessBase"]
[SourceDate "2007.11.25"]
[SourceVersion "1"]
[SourceVersionDate "2007.11.25"]
[SourceQuality "1"]

1. e4 Nc6 2. c3 e5 3. Bc4 Nf6 4. d3 Be7 5. Nf3 0-0 6. 0-0 d6 7. h3 Na5 8. Nbd2 Bd7 9. Re1 b5 10. Bb3 c5 11. c4 b4 12. Nf1 Nc6 13. Ng3 a5 14. Nf5 Re8 15. Bg5 Bf8 16. Qd2 Re6 17. Qe3 Ne7 18. Nh2 Ne8 19. Qg3 Rg6 20. Qe3 f6 21. Bh4 Bxf5 22. exf5 Nxf5 23. Qe4 Qc8 24. Nf3 Ne7 25. Bg3 f5 26. Qe2 f4 27. Bh2 Qxh3 28. g3 Nf5 29. Qf1 Qg4 30. Qg2 fxg3 31. fxg3 Rd8 32. Re4 Qh5 33. Bd1 Qh6 34. g4 Nh4 35. Nxh4 Qxh4 36. Bg3 Qg5 37. Bf3 Nf6 38. Re2 h5 39. gxh5 Nxh5 40. Bd5+ Kh8 41. Bh4 Qh6 42. Bxd8 Rxg2+ 43. Rxg2 Qe3+ 44. Kh2 Nf4 45. Rg3 Qf2+ 46. Bg2 g6 47. Bg5 Kg7 48. Bxf4 exf4 49. Rf3 Qxb2 50. Raf1 g5 51. R3f2 Qd4 52. Be4 Be7 53. Kh3 a4 54. Rg2 Qe5 55. Rg4 Kf6 56. Kg2 b3 57. axb3 axb3 58. Kf3 Qd4 59. Re1 b2 60. Rg2 Bd8 61. Rh1 Ba5 62. Re2 Bd2 63. Rh6+ Kg7 64. Rh7+ Kg8 65. Rb7 g4+ 66. Kxg4 Bb4 67. Bd5+ Kf8 68. Rf7+ Kg8 69. Re8# 1-0